000 00278nam a22001097a 4500
008 230704b xxu||||| |||| 00| 0 eng d
082 _a362.2
_bINC 2007
245 _aNarcotic Drugs stupefiants Estupefacientes
260 _aNew York
_bUN
_c2007
300 _a350p
942 _2ddc
_cBK
999 _c3858
_d3858